| 000 | 00826nam a2200241Ia 4500 | ||
|---|---|---|---|
| 005 | 20230517105944.0 | ||
| 008 | 210716s2011 xx 000 0 und d | ||
| 020 | _a9788184048438 | ||
| 040 | _cAIMIT LIBRARY | ||
| 041 | _aeng | ||
| 082 |
_a004.610285 _21 _bSHAS |
||
| 100 |
_aShah, Sharanam. _9106322 |
||
| 245 |
_aLamp programming for professionals / _cBy Sharanam Shah and Vaishali Shah. |
||
| 250 | _a1st ed. | ||
| 260 |
_aMumbai : _bShroff Publishers and Distributors Pvt Ltd , _c2011. |
||
| 300 | _axxi,1201,7p. | ||
| 650 |
_aLamp programming for professionals _9106323 |
||
| 650 |
_aUnderstanding the mysql database _9106324 |
||
| 650 |
_aWorking with table data _9106325 |
||
| 650 |
_aOperators and regular expression _9106326 |
||
| 700 |
_aShah, Vaishali. _9106327 |
||
| 942 |
_2ddc _cBK _e1st _k004.610285 SHAS |
||
| 999 |
_c192164 _d192164 |
||